| 000 | 01554nam0a22003491 4500 | ||
|---|---|---|---|
| 001 | v19\rc\1864803 | ||
| 005 | 20260406104017.0 | ||
| 035 | _a(NLR Aleph) 005263903 | ||
| 090 |
_a5929424 _c5929424 |
||
| 100 | _a20080221d1909 |||y0rusy50 ca | ||
| 101 | 1 |
_arus _cfre |
|
| 102 | _aRU | ||
| 105 | _ay z ||||| | ||
| 200 | 1 |
_aБуриданов осел _eКом. в 3 д. Роб. де Флер и Г.А. де Кальявэ, пер. с фр. Федоровича |
|
| 210 |
_aМосква _cС.Ф. Рассохин _dценз. 1909 |
||
| 215 |
_a71 с. _d26 |
||
| 300 | _aЗагл. ориг.: L'âne de Buridan | ||
| 300 | _aПер. также под загл.: Милый Жорж; Которая из трех | ||
| 309 | _aНапеч. на пиш. маш. Литогр. | ||
| 451 | 0 |
_12001#$aМилый Жорж _tМилый Жорж |
|
| 451 | 0 |
_12001#$aКоторая из трех _tКоторая из трех |
|
| 454 | 0 |
_12001#$aL'âne de Buridan _tL'âne de Buridan |
|
| 700 | 1 |
_8rus _7ca _aФлер _bР. де _f1872-1927 _gРобер де _3RU\NLR\AUTH\7783172 _966100 |
|
| 701 | 1 |
_8rus _7ca _aКайявэ _bГ. А. де _f1869-1915 _gГастон Арман де _3RU\NLR\AUTH\7783131 _966059 |
|
| 702 | 1 |
_4730 _8rus _7ca _aСабуров _bС. Ф. _f1868-1929 _gСимон Федорович _3RU\NLR\AUTH\7793374 _976300 |
|
| 801 | 0 |
_aRU _bNLR _c20080221 _gpsbo |
|
| 801 | 0 |
_aRU _bRuMoRGB _c20080221 _2psbo |
|
| 801 | 1 |
_aRU _bProSoft-M _c20080221 _2rusmarc |
|
| 801 | 2 |
_aRU _bNLR _c20110309 _2rusmarc |
|
| 852 |
_aNLR _j34.53.7.914 |
||
| 942 | _cBOOK | ||
| 980 | _aNB | ||